LEADER 01225nam a2200265 i 4500 001 000000234995 003 CaOOAMICUS 005 20141027000000.0 008 141027s2014 it u000 u ita u 013 $a213898 040 $aSeMil$bita 100 1 $aColombo, Giovanni,$c.$0(OLS)http://semarc/name/1549 245 10$a[Giovanni Colombo e Alberto Chiari :$bLettere 1. 1963-1979. 260 $aCarlazzo :$b[s.n.],$c2014. 300 $a69 p. :$bill. ;$c21 cm. 490 0 $aI quaderni colombiani ;$v78 650 4$aColombo, Giovanni - Lettere e carteggi.$0(OLS)http://semarc/subject/30120 700 1 $aBernasconi, Francantonio.$0(OLS)http://semarc/name/24754 700 1 $aChiari, Alberto,$d<1900-1998>.$0(OLS)http://semarc/name/1542 830 2$aI quaderni colombiani ;$v78.$0(OLS)http://semarc/title/21284 850 $aSeMil 852 $aSeMil$W1$xVenegono$y1$m5B III 25/3$j185341$B185341$CSeMilBibl$Z2$F196216 $81 961 $aOmaggio: Bernasconi don Francantonio 996 $6245$a[Giovanni Colombo e Alberto Chiari :$bLettere 1. 1963-1979$9(OLS)http://semarc/title/335175 996 $6260$aCarlazzo :$b[s.n.]$9(OLS)http://semarc/publisher/54114 LEADER 01118nam a2200253 i 4500 001 000000068701 003 CaOOAMICUS 005 20170826000000.0 008 170826s1968 xxu u000 u eng u 013 $a39873 040 $aSeMil$bita 245 10$aPsalms 2., 51-100 /$cintroduction, translation, and notes by Mitchell Dahood. 260 $aGarden City, New York :$bDoubleday,$c1968. 300 $aXXX, 399 p. ;$c24 cm. 490 0 $aThe Anchor Bible ;$v17 650 4$aBibbia. Antico Testamento. Salmi - Commentari, studi, critica, interpretazioni.$0(OLS)http://semarc/subject/289 650 4$aBibbia. Antico Testamento. Salmi, 51-100.$0(OLS)http://semarc/subject/7954 700 1 $aDahood, Mitchell .$0(OLS)http://semarc/name/90884 830 4$aThe Anchor Bible ;$v17.$0(OLS)http://semarc/title/472 850 $aSeMil 852 $aSeMil$W1$xVenegono$y1$mSL1.R II 17$j34854$B34854$CSeMilBibl$Z2$F34857 $8I 961 $aAcquisto: Casa editrice 996 $6245$aPsalms 2., 51-100$9(OLS)http://semarc/title/109805 996 $6260$aGarden City, New York :$bDoubleday$9(OLS)http://semarc/publisher/29803